000 00589nam a2200241Ia 4500
005 20250425162623.0
008 250425s9999 xx 000 0 und d
020 _a9789978672174
041 _aspa
082 _a361.61
100 _aALTMAN, JEROME L.
245 0 _aCOHESION SOCIAL Y POLITICAS SOCIALES EN IBEROAMERICA
250 _a1A ED.
260 _aEcuador
_bFLACSO, SEDE ECUADOR
_c2009
260 _aS.L.
300 _a160
650 _aCOHESION SOCIAL
650 _aIBEROAMERICA
650 _aPOBREZA
650 _aPOLITICA SOCIAL
942 _c01
010 _a90623
999 _c232999
_d232999